00775 2200265 4500001002100000005001700021008004100038020002100079035002400100090001700124100002000141245011100161250001000272260005400282300002500336650003200361700001800393700001900411850001500430980001300445985000600458999001500464999001500479999001500494YOGYA-0209000006988420090227093307.0 ind  a978-979-910103-7 0010-020900000069884 a297.9bGui I aGUILLOT, Claude aInskripsi Islam tertua di IndonesiacClaude Guillot dan Ludkik Kalus; penerjemah, Laddy Lesmana ...[et.al] aCet.1 aJakartabKPG (Kepustakaan Populer Gramedia)c2008 a183 hlmbilusc25 cm aIslam - Sejarah - Indonesia aKalus, Ludvik aLesmana, Laddy aYOPDYOG(B) a26-10-08 a3 a08P0001224 a08P0001225 a08P0001226